Meilleur attaque spe 8g - Statistiques

Statistiques générales
  • Ce quiz a été pris 7 fois
  • Le résultat moyen est 12 sur 17
Statistiques - réponses
Hint Réponse % Correct
145 ethernatos
100%
100 lanssorien
100%
136 sorcilence
100%
110 charmilly
75%
145 corayome
75%
125 lezargus
75%
110 m.glaquette
75%
130 polthegeist
75%
100 regidrago
75%
100 regieleki
75%
114 salarsen
75%
145 spectreval
75%
165 sylveroy cavalier de l'effroi
75%
100 dratatin
50%
120 duralugon
50%
105 wimessir
25%
125 beldeneige
0%
Aucun quiz correspondant
Distribution des résultats
% des personnes avec chaque résultat
Percentile par nombre de réponses
Votre historique - résultats
Vous n’avez pas pris ce quiz